Indice de las proposiciones de las leyes de la recopilacion con remission a los DD que las tocan : (Record no. 158509)

MARC details
000 -LEADER
campo de control de longitud fija 01184nam a2200241 i 4500
001 - NÚMERO DE CONTROL
campo de control 158509
003 - IDENTIFICADOR DE NÚMERO DE CONTROL
campo de control ES-MaACL
005 - FECHA Y HORA DE LA ÚLTIMA TRANSACCIÓN
campo de control 20250809020500.0
008 - DATOS DE LONGITUD FIJA--INFORMACIÓN GENERAL
campo de control de longitud fija 931025s1726 sp |||| | spa d
080 ## - NÚMERO DE LA CLASIFICACIÓN DECIMAL UNIVERSAL
Número de la Clasificación Decimal Universal 26
100 1# - ENTRADA PRINCIPAL--NOMBRE DE PERSONA
Nombre de persona Magro y Zurita, Santiago.
9 (RLIN) 129352
245 10 - MENCIÓN DEL TÍTULO
Título Indice de las proposiciones de las leyes de la recopilacion con remission a los DD que las tocan :
Resto del título autos acordados y pragmaticas hasta el año de mil setecientos y veinte y quatro... /
Mención de responsabilidad, etc. su autor el Doctor Don Santiago Magro y Zurita, Colegial en el insigne de Malaga de la Universidad de Alcalá.
260 ## - PUBLICACIÓN, DISTRIBUCIÓN, ETC.
Lugar de publicación, distribución, etc. En Alcala :
Nombre del editor, distribuidor, etc. en la Imprenta de Joseph Espartosa,
Fecha de publicación, distribución, etc. 1726.
300 ## - DESCRIPCIÓN FÍSICA
Extensión [14], 613 p., [3] en bl. ;
Dimensiones Fol.
530 ## - NOTA DISPONIBLE DE FORMULARIO FÍSICO ADICIONAL
Nota de formato físico adicional disponible Disponible en formato digital.
597 ## - NOTA DE DESCRIPCIÓN FÍSICA
NOTA DE DESCRIPCIÓN FÍSICA Sign.: [ ]2, 2[calderón]-3[calderón]2, 4[calderón]1, A-Z6, 2A-2Z6, 3A-3D6, 3E-3F2, 3G4.
597 ## - NOTA DE DESCRIPCIÓN FÍSICA
NOTA DE DESCRIPCIÓN FÍSICA Texto a dos col.
597 ## - NOTA DE DESCRIPCIÓN FÍSICA
NOTA DE DESCRIPCIÓN FÍSICA Port. con orla tip.
650 #7 - PUNTO DE ACCESO ADICIONAL DE MATERIA--TÉRMINO DE MATERIA
Término de materia o nombre geográfico como elemento de entrada Derecho-
Subdivisión geográfica España
Fuente del encabezamiento o término
9 (RLIN) 141531
852 4# - LOCALIZACIÓN
Ubicación ES-MaACL
Número de control de estantería R-1104-07
Nota libre - Enc. pasta española
Encuadernación Olim: G-3572-75
856 ## - LOCALIZACIÓN Y ACCESO ELECTRÓNICOS
Identificador Uniforme de Recursos <a href="http://bdh-rd.bne.es/viewer.vm?id=0000015606&page=1 ">http://bdh-rd.bne.es/viewer.vm?id=0000015606&page=1 </a>
Nota pública Biblioteca Digital Hispánica
Holdings
Estatus retirado Estado de pérdida Estado de daño No para préstamo Colección Biblioteca de origen Biblioteca actual Ubicación en estantería Fecha de adquisición Total de préstamos Signatura topográfica completa Código de barras Visto por última vez Precio de reemplazo Tipo de ítem Koha
        Colección digital Biblioteca del Ateneo de Madrid Biblioteca del Ateneo de Madrid Depósito 17/01/2008   R-1104-07 1165907 23/02/2023 23/02/2023 Libro impreso antiguo